| 000 | 00346nam a2200145Ia 4500 | ||
|---|---|---|---|
| 008 | 230312s9999||||xx |||||||||||||| ||und|| | ||
| 020 | _a0-7895-6278-2 | ||
| 082 |
_a005.369 _bCAS-M |
||
| 100 | _aJubb;Peter | ||
| 245 | 0 | _aCompany Accounting | |
| 260 |
_bThomson _aAustralia _c2002 |
||
| 300 | _a640 | ||
| 650 |
_aComputer _vComputer |
||
| 942 | _cBK | ||
| 999 |
_c15496 _d15496 |
||